| 000 | 01351cam a2200337 a 4500 | ||
|---|---|---|---|
| 001 | 15604046 | ||
| 003 | OSt | ||
| 005 | 20150408114152.0 | ||
| 008 | 090129r20091961nyua b 001 0 eng | ||
| 010 | _a 2009003597 | ||
| 020 | _a9780486472072 (pbk.) | ||
| 020 | _a0486472078 (pbk.) | ||
| 035 | _a(OCoLC)ocn294885242 | ||
| 040 |
_aDLC _cDLC _dYDX _dBTCTA _dYDXCP _dDLC |
||
| 050 | 0 | 0 |
_aQA931 _b.T54 2009 |
| 082 | 0 | 0 |
_a531.382 _222 _bSTT |
| 100 | 1 |
_aTimoshenko, Stephen, _d1878-1972. _940015 |
|
| 245 | 1 | 0 |
_aTheory of elastic stability / _cStephen P. Timoshenko, James M. Gere. |
| 250 | _a2nd ed., Dover ed. | ||
| 260 |
_aMineola, N.Y. : _bDover Publications, _c2009. |
||
| 300 |
_axvi, 541 p. : _bill. ; _c22 cm. |
||
| 500 | _aOriginally published: New York : McGraw Hill Book, 1961. | ||
| 504 | _aIncludes bibliographical references and indexes. | ||
| 650 | 0 |
_aElasticity. _940016 |
|
| 650 | 0 |
_aStrains and stresses. _936531 |
|
| 700 | 1 |
_aGere, James M. _940017 |
|
| 856 | 4 | 2 |
_3Publisher description _uhttp://www.loc.gov/catdir/enhancements/fy0905/2009003597-d.html |
| 906 |
_a7 _bcbc _corignew _d1 _eecip _f20 _gy-gencatlg |
||
| 942 |
_2ddc _cDVD |
||
| 999 |
_c32153 _d266653 |
||